Business grammar and usage : Business English
Gardado en:
| Autor Principal: | |
|---|---|
| Formato: | Libro |
| Idioma: | Undetermined |
| Publicado: |
London
Longman
2000
|
| Những chủ đề: | |
| Các nhãn: |
Engadir etiqueta
Sen Etiquetas, Sexa o primeiro en etiquetar este rexistro!
|
| Thư viện lưu trữ: | Trung tâm Học liệu Trường Đại học Cần Thơ |
|---|
| LEADER | 00545nam a2200217Ia 4500 | ||
|---|---|---|---|
| 001 | CTU_94113 | ||
| 008 | 210402s9999 xx 000 0 und d | ||
| 020 | |c 176000 | ||
| 082 | |a 428.208865 | ||
| 082 | |b S937 | ||
| 100 | |a Stutt, Peter | ||
| 245 | 0 | |a Business grammar and usage : | |
| 245 | 0 | |b Business English | |
| 245 | 0 | |c Peter Stutt | |
| 260 | |a London | ||
| 260 | |b Longman | ||
| 260 | |c 2000 | ||
| 650 | |a English language | ||
| 650 | |x Business English | ||
| 904 | |i Truc | ||
| 980 | |a Trung tâm Học liệu Trường Đại học Cần Thơ | ||